000
00323nam a22001457a 4500
008
230419b ||||| |||| 00| 0 eng d
020
_a
9781483352589
041
_a
eng
080
_2
NINTH EDITION
_a
37
082
_a
37VIG
100
_a
23
101
_a
EDU
245
_a
ENVIRONMENTAL POLICY
_c
VIG.J.N
942
_2
udc
_c
BK
999
_c
59605
_d
59605